| 000 | 01290naa a22003497a 4500 | ||
|---|---|---|---|
| 001 | BR8305598 | ||
| 003 | BR-BrBNA | ||
| 005 | 20240918175350.0 | ||
| 007 | ta | ||
| 008 | 230509b bl.||||| |||| 00| 0 por d | ||
| 040 |
_aBR-BrBNA _bpor _cBiblioteca Nacional de Agricultura |
||
| 041 | _a(Pt) | ||
| 072 |
_aF27; F25; H60 _b4540 _b4530 _b3876 _bG514 |
||
| 090 | _aF27 BR8305598 | ||
| 100 | 1 | _aBartz, H. | |
| 111 | 1 |
_a2. Encontro Nacional de Plantio Direto _cPonta Grossa, PR (Brazil) _d3 Feb 1983 |
|
| 245 | 1 | _aProblemas especificos do plantio direto na terra roxa e medidas de racionalizacao na tecnica de pulverizacao [plantadeira, rotacao de cultura, Parana, Brasil] | |
| 260 | 3 |
_aPonta Grossa, PR (Brasil): _c1983. |
|
| 500 | _aAnais do 2. Encontro Nacional de Plantio Direto Ponta Grossa, PR (Brasil): 1983. p. 62-75 (BR8305598-AM)F27 | ||
| 650 | _aPULVERIZADOR | ||
| 650 | _aPLANTADEIRA | ||
| 650 | _aHERBICIDA | ||
| 650 | _aPLANTIO DIRETO | ||
| 650 | _aROTACAO DE CULTURA | ||
| 650 | _aPULVERIZACAO | ||
| 650 | _aERVA DANINHA | ||
| 650 | _aLATOSSOLO ROXO | ||
| 650 | _aPARANA | ||
| 773 | 0 |
_tAnais do 2. Encontro Nacional de Plantio Direto _wF27 BR8305598 _gPonta Grossa, PR (Brasil), 1983. p. 62-75 |
|
| 909 |
_a202404 _bLucia _c55 _dLucia Elande |
||
| 942 |
_cAM _2AGRIS |
||
| 999 |
_c316338 _d316338 |
||